Catálogo
 En Linea

Manual de derecho de autor dominicano / (Registro nro. 2511)

Detalles MARC
000 -CABECERA
campo de control de longitud fija 01842nam a2200265 a 4500
001 - NÚMERO DE CONTROL
campo de control 000002675
005 - FECHA Y HORA DE LA ÚLTIMA TRANSACCIÓN
campo de control 20260310120939.0
008 - DATOS DE LONGITUD FIJA--INFORMACIÓN GENERAL
campo de control de longitud fija 090703s2009 dr 000 0 spa d
020 ## - NÚMERO INTERNACIONAL ESTÁNDAR DEL LIBRO
ISBN cancelado o inválido 9789993495352
040 ## - FUENTE DE LA CATALOGACIÓN
Centro catalogador/agencia de origen DO-SdBNP
Lengua de catalogación spa
Centro/agencia transcriptor BNPHU
082 ## - NÚMERO DE LA CLASIFICACIÓN DECIMAL DEWEY
Número de clasificación 346.0482
Número de documento/Ítem A321m
100 1# - ENTRADA PRINCIPAL--NOMBRE DE PERSONA
Nombre de persona Alarcón, Edynson
9 (RLIN) 8435
245 10 - MENCIÓN DE TÍTULO
Título Manual de derecho de autor dominicano /
Mención de responsabilidad, etc. Edynson Alarcón ; presentación Fabio J. Guzmán Ariza.
260 ## - PUBLICACIÓN, DISTRIBUCIÓN, ETC.
Lugar de publicación, distribución, etc. Santo Domingo :
Nombre del editor, distribuidor, etc. Judicial,
Fecha de publicación, distribución, etc. 2009.
300 ## - DESCRIPCIÓN FÍSICA
Extensión 212 p. ;
Dimensiones 23 cm.
490 1# - MENCIÓN DE SERIE
Mención de serie Gaceta judicial. Colección manuales
500 ## - NOTA GENERAL
Nota general Incluye referencias bibliográficas y notas al pie de las páginas.
504 ## - NOTA DE BIBLIOGRAFÍA, ETC.
Nota de bibliografía, etc. Bibliografía: p. 211-212
505 0# - NOTA DE CONTENIDO CON FORMATO
Nota de contenido con formato Abreviaturas -- Presentación -- Prólogo -- Introducción al estudio del derecho de autor -- La originalidad como precepto definitorio básico del derecho de autor -- El autor y su obra -- De las obras complejas o en régimen de coautoria y la reglamentación especial a que han sido dometidas -- Los derechos morales -- Los derechos patrimoniales -- Limites y excepciones al libre ejercicio de los derechos de explotación en la legislación dominicana -- Derechos patrimoniales de simple remuneración -- Regímenes especiales para ciertas categorias de obras -- La obra plástica y sus extraoridinarias particularidades -- Los programas informáticos -- Las obras audiovisuales -- El contrato de edición en la legislación dominicana -- Reglamentación del sistema de derechos conexos -- La gestión colectiva de los derechos de autor y de los derechos afines -- Acciones penales y civiles de derecho de autor.
590 ## - NOTA LOCAL (RLIN)
Nota local Inventariado, 2018/LP
650 #0 - PUNTO DE ACCESO ADICIONAL DE MATERIA--TÉRMINO DE MATERIA
Término de materia o nombre geográfico como elemento de entrada Derechos de autor
9 (RLIN) 551
650 #4 - PUNTO DE ACCESO ADICIONAL DE MATERIA--TÉRMINO DE MATERIA
Término de materia o nombre geográfico como elemento de entrada Leyes
Subdivisión geográfica República Dominicana
9 (RLIN) 3033
830 #0 - PUNTO DE ACCESO ADICIONAL DE SERIE-TÍTULO UNIFORME
Título uniforme Gaceta judicial. Colección manuales
9 (RLIN) 8436
910 ## - DATOS DE OPCIÓN DEL USUARIO (OCLC)
Datos de opción del usuario Validado. Control de calidad BNPHU
Existencias
Estado de retiro Estado de pérdida Restricciones de uso No para préstamo Código de colección Localización permanente Ubicación/localización actual Ubicación en estantería Fecha de adquisición Número de inventario Total de préstamos Signatura topográfica completa Código de barras Fecha visto por última vez Número de copia Precio válido a partir de Tipo de ítem Koha
        Dominicana de Servicio General General Depósito 03.07.2009 LF1   346.0482 A321m 2675-30 25.06.2020 e. 3 25.06.2020 Libro y Folleto Colección Dominicana de Servicio
        Dominicana de Servicio General General Depósito 28.06.2010 LF1   346.0482 A321m 2675-50 25.06.2020 e. 4 25.06.2020 Libro y Folleto Colección Dominicana de Servicio
      Excluido de préstamo Patrimonio Dominicano Patrimonio Dominicano Patrimonio Dominicano Depósito 03.07.2009 LF1   346.0482 A321m 2675-10 25.06.2020   25.06.2020 Libro y Folleto Colección Patrimonio Dominicano
      Excluido de préstamo Patrimonio Dominicano Patrimonio Dominicano Patrimonio Dominicano Depósito 03.07.2009 LF1   346.0482 A321m 2675-20 25.06.2020 e. 2 25.06.2020 Libro y Folleto Colección Patrimonio Dominicano

Con tecnología Koha